000 01080nam a2200217Ia 4500
003 Ost
005 20260507075114.0
008 260507s9999||||xx |||||||||||||| ||und||
040 _cfsecg
041 _aara
082 _a330
100 _aباولز، روجر أ
_eمؤلف
245 0 _aالتخطيط الإقتصادي على المستوى الجمعي /
_c روجر أ باولز
260 _aالرياض:
_bدار المريخ للنشر,
_c1994
300 _a221 صفحة؛
_bإيضاحات ؛
_c24 سم
504 _aكشاف المصطلحات:ص.219-221
520 _aالإقتصاد الجمعي والتخطيط،الحاجة إلى التخطيط،إشتقاق الأهداف التخطيطية،طبيعة الإقتصاد،الحلول المثلى،التخطيط الاقتصادي في الواقع العملي،التخطيط الإقتصادي وانجازاته في المملكة العربية السعودية
653 _aالتخطيط الإقتصادي
700 _aك.وبننز، ديفيد
_eمؤلف ثانوي
942 _cكتاب
999 _c42985
_d42985